Statistics for Portugal's 2016 Football Team (last three letters)

Click here to take the quiz!

General Stats

  • This quiz has been taken 138 times
    (133 since last reset)
  • The average score is 20 of 23

Answer Stats

player% Correct
7Cristiano Rona{ldo}
100%
1Rui Patrí{cio}
98%
6Ricardo Carva{lho}
97%
14William Carva{lho}
97%
8João Mouti{nho}
96%
2Bruno Al{ves}
93%
3P{epe}
93%
15André Go{mes}
92%
9É{der}
92%
22Edua{rdo}
92%
20Ricardo Quare{sma}
92%
16Renato Sanc{hes}
90%
10João Má{rio}
89%
4José Fo{nte}
89%
21Céd{ric}
88%
23Adrien Si{lva}
86%
18Rafa Si{lva}
86%
13Dan{ilo}
84%
12Anthony Lo{pes}
83%
17N{ani}
78%
5Raphael Guerre{iro}
78%
11Vieiri{nha}
72%
19Eli{seu}
53%

Score Distribution

Percentile by Number Answered

Percent of People with Each Score

Your Score History

You have not taken this quiz since the last reset